Fußball Begriffe #4 - Statistiken

Allgemein
  • Dieses Quiz wurde 136 mal gespielt
    101 seit der letzten Aktualisierung
  • Das Durchschnittsergebnis liegt bei 9 aus 11
Antwortstatistiken
Wie nennnt man… Begriff % Korrekt
…ein Fußballspiel, dass ohne Zuschauer stattfindet? Geisterspiel
98%
…die höchste Spielklasse im deutschen Fußball? Bundesliga
97%
…einen Talentsucher, der für große Klubs junge Nachwuchsspieler unter die Lupe nimmt? Scout
93%
Wie nennt man eine Woche in der ein Verein auch in der Woche nicht nur am Wochenende Spiele hat? Englische Woche
92%
…die einfache Art den Ball nachdem er ins Aus gegangen ist wieder ins Spiel zu bringen? Einwurf
91%
…ein spezielles Qualifikationsspiel, um den Aufstieg oder den Abstieg einer Mannschaft in die nächsthöhere bzw. –niedrigere Klasse zu ermitteln? Relegation
88%
…man den Spielführer einer Mannschaft im Fußball? Kapitän
86%
…die Linie, die den Fußballplatz in deine eigene und die gegnerische Hälfte teilt. Mittellinie
84%
… die Spieler die am Anfang eines Spiels spielen sowie ihre Positionen und die Formation in einem Wort? Aufstellung
63%
…ein Tor, das erzielt wird, indem ein Spieler einen abgewehrten oder abgeprallten Ball aus kurzer Distanz ins Netz schießt, nachdem der Torwart oder ein Verteidiger den Ball nicht sicher festhalten konnte? Abstauber
62%
…wie nennt man die Regel weshalb ein Torwart einen Ball von seinem Mitspieler nicht mit den Händen aufnehmen darf Rückpassregel
58%
Keine übereinstimmenden Quizze gefunden
Verteilung der Resultate
Anzahl Personen mit jedem Resultat
Perzentil nach korrekt beantworteten Fragen
Ihre Resultats-Entwicklung
Sie haben dieses Quiz seit der letzten Aktualisierung nicht gespielt